| 000 | 00000nam##2200000za#4500 |
| 001 | 9.571991 |
| 003 | CaOODSP |
| 005 | 20220111083038 |
| 007 | cr ||||||||||| |
| 008 | 150406|1988||||xxc|||||o f|0| 0 eng|d |
| 022 | |a1928-6414 |
| 040 | |aCaOODSP|beng |
| 043 | |an-cn--- |
| 086 | 1 |aNE22-1/1988-3E-PDF |
| 110 | 1 |aCanada. |bNational Energy Board. |
| 245 | 10|aReasons for decision in the matter of Maine and New Brunswick Electrical Power Company, Limited : |h[electronic resource]|bfor exports to the Maine Public Service Company |
| 246 | 1 |iVariant title : |aMaine and New Brunswick Electrical Power Company, Limited |
| 260 | |aOttawa - Ontario : |bNational Energy Board |cMay 1988. |
| 300 | |a24p.|bmap, tables |
| 490 | 1 |aReasons for decision|x1928-6414|vEH-1-88 |
| 500 | |aThe catalogue number (NE22-1/1988-3E) and ISBN (0-662-16260-9) for the print edition have been incorrectly copied in this electronic publication. |
| 590 | |a12-04-Supp|b2012-02-20 |
| 775 | 08|tMotifs de décision relativement à Maine and New Brunswick Electrical Power Company Limited : |w(CaOODSP)9.602407 |
| 830 | #0|aReasons for decision (Canada. National Energy Board)|x1928-6414|vEH-1-88|w(CaOODSP)9.504480 |
| 856 | 40|ahttp://publications.gc.ca|qPDF|s279 KB|uhttps://publications.gc.ca/collections/Collection/NE22-1-1988-3E.pdf|yEH-1-88 |